[Event "Kupreichik Memorial Rapid 2019"]
[Site "Minsk"]
[Date "2019.08.16"]
[Round "7.11"]
[White "Tsaruk, Maksim"]
[Black "Mikhailovsky, Vladimir"]
[Result "1-0"]
[WhiteElo "2230"]
[BlackElo "2209"]
[Annotator "NA"]
[PlyCount "67"]
[EventDate "2019.08.15"]
[EventType "swiss"]
[EventCountry "BLR"]
[SourceTitle "playchess.com"]
[Source "ChessBase"]
[SourceQuality "1"]
[TimeControl "900+10"]

1. e4 {[%emt 0:00:00]} d6 {[%emt 0:00:02]} 2. d4 {[%emt 0:00:00]} g6 {[%emt 0:00:02]} 3. g3 {[%emt 0:00:22]} Bg7 {[%emt 0:00:02]} 4. Bg2 {[%emt 0:00:01]} Nc6 {[%emt 0:01:03]} 5. Ne2 {[%emt 0:00:56]} h5 {[%emt 0:00:17]} 6. Bg5 {[%emt 0:01:03]} Nf6 {[%emt 0:02:30]} 7. Qd2 {[%emt 0:00:11]} Bg4 {[%emt 0:02:22]} 8. f3 {[%emt 0:02:44]} Bd7 {[%emt 0:00:39]} 9. Nbc3 {[%emt 0:00:03]} a6 {[%emt 0:00:24]} 10. O-O-O {[%emt 0:02:28]} b5 {[%emt 0:00:22]} 11. Rhe1 {[%emt 0:00:06]} b4 {[%emt 0:01:18]} 12. Nd5 {[%emt 0:00:12]} a5 {[%emt 0:00:47]} 13. Kb1 {[%emt 0:05:47]} e6 {[%emt 0:01:43]} 14. Nxf6+ {[%emt 0:01:48]} Bxf6 {[%emt 0:00:02]} 15. Bxf6 {[%emt 0:00:03]} Qxf6 {[%emt 0:00:02]} 16. f4 {[%emt 0:00:36]} Qe7 {[%emt 0:02:50]} 17. d5 {[%emt 0:00:14]} Nd8 {[%emt 0:00:08]} 18. e5 {[%emt 0:00:02]} Ra6 {[%emt 0:00:21]} 19. Nd4 {[%emt 0:00:37]} Kf8 {[%emt 0:01:42]} 20. dxe6 {[%emt 0:00:13]} Bxe6 {[%emt 0:01:00]} 21. f5 {[%emt 0:00:02]} gxf5 {[%emt 0:00:14]} 22. Qf4 {[%emt 0:00:18]} Kg7 {[%emt 0:00:34]} 23. exd6 {[%emt 0:00:06]} Qf6 {[%emt 0:00:10]} 24. dxc7 {[%emt 0:00:04]} a4 {[%emt 0:00:14]} 25. cxd8=Q {[%emt 0:00:13]} Rxd8 {[%emt 0:00:01]} 26. Nxe6+ {[%emt 0:00:08]} Rxe6 {[%emt 0:00:02]} 27. Rf1 {[%emt 0:00:28]} a3 {[%emt 0:00:02]} 28. Qc1 {[%emt 0:00:11]} Rc8 {[%emt 0:00:13]} 29. Bd5 {[%emt 0:00:09]} Re2 {[%emt 0:00:15]} 30. Bb3 {[%emt 0:00:01]} Ra8 {[%emt 0:00:20]} 31. Rd7 {[%emt 0:00:11]} Re7 {[%emt 0:00:18]} 32. Rxe7 Qxe7 33. Rxf5 {[%emt 0:00:06]} f6 {[%emt 0:00:04]} 34. Rxh5 {[%emt 0:00:03]} 1-0

[Event "Kupreichik Memorial Rapid 2019"]
[Site "Minsk"]
[Date "2019.08.16"]
[Round "7.12"]
[White "Veremeichik, Vladimir"]
[Black "Vashchilov, Sergey"]
[Result "1-0"]
[WhiteElo "2282"]
[BlackElo "2162"]
[Annotator "NA"]
[PlyCount "101"]
[EventDate "2019.08.15"]
[EventType "swiss"]
[EventCountry "BLR"]
[SourceTitle "playchess.com"]
[Source "ChessBase"]
[SourceQuality "1"]
[TimeControl "900+10"]

1. d4 {[%emt 0:00:00]} e6 {[%emt 0:00:00]} 2. c4 {[%emt 0:00:00]} d5 {[%emt 0:00:00]} 3. Nc3 {[%emt 0:00:00]} Nf6 {[%emt 0:00:00]} 4. Nf3 {[%emt 0:00:00]} dxc4 {[%emt 0:00:19]} 5. Qa4+ {[%emt 0:00:12]} c6 {[%emt 0:02:13]} 6. Qxc4 {[%emt 0:00:05]} b5 {[%emt 0:00:21]} 7. Qb3 {[%emt 0:00:05]} a6 {[%emt 0:00:03]} 8. Bg5 {[%emt 0:00:11]} Nbd7 {[%emt 0:00:44]} 9. a4 {[%emt 0:00:18]} Qa5 {[%emt 0:00:32]} 10. Bxf6 {[%emt 0:01:07]} Nxf6 {[%emt 0:00:14]} 11. e3 {[%emt 0:01:39]} Bb4 {[%emt 0:03:13]} 12. Ne5 {[%emt 0:01:04]} Bb7 {[%emt 0:00:57]} 13. Nd3 {[%emt 0:00:43]} c5 {[%emt 0:02:10]} 14. dxc5 {[%emt 0:00:25]} Bxc3+ {[%emt 0:00:45]} 15. Qxc3 {[%emt 0:00:03]} Qxc3+ {[%emt 0:00:05]} 16. bxc3 {[%emt 0:00:01]} O-O {[%emt 0:02:43]} 17. f3 {[%emt 0:01:27]} Nd5 {[%emt 0:00:56]} 18. Kd2 {[%emt 0:00:04]} Rfd8 {[%emt 0:00:01]} 19. Be2 {[%emt 0:00:29]} bxa4 {[%emt 0:01:02]} 20. c4 {[%emt 0:01:48]} Nb4 {[%emt 0:00:35]} 21. Rxa4 {[%emt 0:00:05]} a5 {[%emt 0:00:01]} 22. Rha1 {[%emt 0:00:23]} Nc6 {[%emt 0:00:45]} 23. Kc3 {[%emt 0:00:06]} Ba6 {[%emt 0:00:08]} 24. f4 {[%emt 0:00:17]} Rd7 {[%emt 0:00:45]} 25. Rb1 {[%emt 0:00:06]} Rad8 {[%emt 0:00:11]} 26. Rb6 {[%emt 0:00:07]} Bb7 {[%emt 0:00:11]} 27. Ne1 {[%emt 0:01:20]} Nb4 {[%emt 0:00:14]} 28. Rxa5 {[%emt 0:00:12]} Nc6 {[%emt 0:00:03]} 29. Rab5 {[%emt 0:00:20]} Ba8 {[%emt 0:00:03]} 30. Rb2 {[%emt 0:00:19]} e5 {[%emt 0:00:29]} 31. Bf3 {[%emt 0:00:15]} Rc7 {[%emt 0:00:12]} 32. Bd5 {[%emt 0:00:30]} exf4 {[%emt 0:00:04]} 33. exf4 {[%emt 0:00:02]} Kf8 {[%emt 0:00:16]} 34. Nd3 {[%emt 0:00:01]} Ne7 {[%emt 0:00:01]} 35. Bxa8 {[%emt 0:00:06]} Rxa8 {[%emt 0:00:01]} 36. Rb8+ Rc8 37. Rxc8+ {[%emt 0:00:13]} Rxc8 {[%emt 0:00:02]} 38. Rb7 {[%emt 0:00:03]} Nc6 {[%emt 0:00:17]} 39. g3 {[%emt 0:00:25]} Ke8 {[%emt 0:00:21]} 40. Nb4 {[%emt 0:00:04]} Nd8 {[%emt 0:00:16]} 41. Rb5 {[%emt 0:00:41]} Kd7 {[%emt 0:00:22]} 42. Ra5 {[%emt 0:00:19]} Ke8 {[%emt 0:00:11]} 43. c6 {[%emt 0:00:09]} Nxc6 {[%emt 0:00:11]} 44. Nxc6 {[%emt 0:00:02]} Rxc6 {[%emt 0:00:01]} 45. c5 {[%emt 0:00:01]} Rc7 {[%emt 0:00:12]} 46. Kc4 {[%emt 0:00:02]} Kd7 {[%emt 0:00:07]} 47. Kd5 {[%emt 0:00:01]} Kc8 {[%emt 0:00:12]} 48. c6 {[%emt 0:00:02]} Kd8 {[%emt 0:00:11]} 49. Kd6 {[%emt 0:00:01]} Rc8 {[%emt 0:00:04]} 50. Ra7 {[%emt 0:00:01]} Ke8 {[%emt 0:00:10]} 51. c7 {[%emt 0:00:01]} 1-0

[Event "Kupreichik Memorial Rapid 2019"]
[Site "Minsk"]
[Date "2019.08.16"]
[Round "7.13"]
[White "Pakhomov, Alexey"]
[Black "Lazavik, Denis"]
[Result "1/2-1/2"]
[WhiteElo "2315"]
[BlackElo "2347"]
[Annotator "NA"]
[PlyCount "106"]
[EventDate "2019.08.15"]
[EventType "swiss"]
[EventCountry "BLR"]
[SourceTitle "playchess.com"]
[Source "ChessBase"]
[SourceQuality "1"]
[TimeControl "900+10"]

1. d4 {[%emt 0:00:00]} d5 {[%emt 0:00:00]} 2. c4 {[%emt 0:00:00]} c6 {[%emt 0:00:00]} 3. cxd5 {[%emt 0:00:14]} cxd5 {[%emt 0:00:00]} 4. Bg5 {[%emt 0:00:01]} Nc6 {[%emt 0:00:04]} 5. Nc3 {[%emt 0:00:01]} f6 {[%emt 0:00:02]} 6. Bh4 {[%emt 0:00:02]} e6 {[%emt 0:00:24]} 7. e3 {[%emt 0:00:09]} g6 {[%emt 0:00:34]} 8. Bd3 {[%emt 0:00:14]} Bg7 {[%emt 0:00:04]} 9. Nge2 {[%emt 0:00:25]} Nge7 {[%emt 0:00:03]} 10. f3 {[%emt 0:03:04]} O-O {[%emt 0:00:15]} 11. O-O {[%emt 0:00:13]} Kh8 {[%emt 0:02:39]} 12. Bf2 {[%emt 0:00:02]} e5 {[%emt 0:00:13]} 13. e4 {[%emt 0:02:16]} dxe4 {[%emt 0:01:11]} 14. Bxe4 {[%emt 0:00:47]} exd4 {[%emt 0:00:09]} 15. Nxd4 {[%emt 0:00:20]} f5 {[%emt 0:01:02]} 16. Nxc6 {[%emt 0:01:16]} Nxc6 {[%emt 0:00:38]} 17. Bxc6 {[%emt 0:03:30]} bxc6 {[%emt 0:00:02]} 18. Qa4 {[%emt 0:00:00]} Be6 {[%emt 0:00:51]} 19. Qxc6 {[%emt 0:00:24]} Qc8 {[%emt 0:00:03]} 20. Qa4 {[%emt 0:00:33]} Qc4 {[%emt 0:00:35]} 21. Qxc4 {[%emt 0:00:47]} Bxc4 {[%emt 0:00:02]} 22. Rfd1 {[%emt 0:00:03]} Rfd8 {[%emt 0:00:45]} 23. Rac1 {[%emt 0:00:34]} Rxd1+ {[%emt 0:01:54]} 24. Rxd1 {[%emt 0:00:11]} Kg8 {[%emt 0:00:16]} 25. Bd4 {[%emt 0:00:21]} Bf8 {[%emt 0:00:01]} 26. Kf2 {[%emt 0:00:10]} a5 {[%emt 0:00:40]} 27. b3 {[%emt 0:00:06]} Bf7 {[%emt 0:00:05]} 28. Be3 {[%emt 0:00:29]} Rc8 {[%emt 0:00:10]} 29. Ne2 {[%emt 0:00:07]} h6 {[%emt 0:01:30]} 30. Rc1 {[%emt 0:00:08]} Ra8 {[%emt 0:00:03]} 31. Nc3 {[%emt 0:00:19]} g5 {[%emt 0:00:28]} 32. g3 {[%emt 0:00:05]} Ba3 {[%emt 0:00:21]} 33. Rd1 {[%emt 0:00:04]} Rc8 {[%emt 0:00:06]} 34. Ne2 {[%emt 0:00:02]} Bb4 {[%emt 0:00:12]} 35. Rc1 {[%emt 0:00:14]} Ra8 {[%emt 0:00:08]} 36. Rc6 {[%emt 0:00:05]} Bf8 {[%emt 0:01:03]} 37. h4 {[%emt 0:00:29]} f4 {[%emt 0:00:51]} 38. gxf4 {[%emt 0:00:04]} gxh4 39. f5 a4 {[%emt 0:00:13]} 40. bxa4 {[%emt 0:00:08]} Bxa2 {[%emt 0:00:06]} 41. Bxh6 {[%emt 0:00:05]} Bxh6 {[%emt 0:00:13]} 42. Rxh6 {[%emt 0:00:01]} Rxa4 {[%emt 0:00:01]} 43. Rg6+ {[%emt 0:00:14]} Kf7 {[%emt 0:00:18]} 44. Rg4 {[%emt 0:00:01]} Ra5 {[%emt 0:00:07]} 45. Nd4 {[%emt 0:00:19]} Bb1 {[%emt 0:00:15]} 46. Rxh4 {[%emt 0:00:25]} Bxf5 {[%emt 0:00:14]} 47. Nxf5 {[%emt 0:00:42]} Rxf5 {[%emt 0:00:01]} 48. f4 {[%emt 0:00:01]} Ra5 {[%emt 0:00:07]} 49. Kf3 {[%emt 0:00:01]} Kg6 {[%emt 0:00:08]} 50. Rh8 {[%emt 0:00:08]} Ra1 {[%emt 0:00:09]} 51. Rf8 {[%emt 0:00:17]} Rf1+ {[%emt 0:00:08]} 52. Kg2 {[%emt 0:00:04]} Ra1 {[%emt 0:00:02]} 53. Kf2 {[%emt 0:00:09]} Ra3 {[%emt 0:00:04]} 1/2-1/2

[Event "Kupreichik Memorial Rapid 2019"]
[Site "Minsk"]
[Date "2019.08.16"]
[Round "7.14"]
[White "Balashov, Yuri S"]
[Black "Oblamski, Vladimir"]
[Result "1-0"]
[WhiteElo "2474"]
[BlackElo "2088"]
[Annotator "ChessBase"]
[PlyCount "77"]
[EventDate "2019.08.15"]
[EventType "swiss"]
[EventCountry "BLR"]
[SourceTitle "playchess.com"]
[Source "ChessBase"]
[SourceQuality "1"]
[TimeControl "900+10"]

1. e4 {[%emt 0:00:00]} d5 {[%emt 0:00:00]} 2. exd5 {[%emt 0:00:00]} Qxd5 {[%emt 0:00:00]} 3. Nf3 {[%emt 0:00:00]} Nf6 {[%emt 0:00:00]} 4. Be2 {[%emt 0:00:09]} c6 {[%emt 0:00:29]} 5. d4 {[%emt 0:00:14]} Bg4 {[%emt 0:00:27]} 6. O-O {[%emt 0:00:04]} e6 {[%emt 0:00:11]} 7. c4 {[%emt 0:00:05]} Qd8 {[%emt 0:00:02]} 8. Be3 {[%emt 0:00:04]} Be7 {[%emt 0:00:03]} 9. Nc3 {[%emt 0:00:04]} O-O {[%emt 0:00:14]} 10. Ne5 {[%emt 0:00:06]} Bxe2 {[%emt 0:00:11]} 11. Qxe2 {[%emt 0:00:01]} Nbd7 {[%emt 0:00:03]} 12. Rad1 {[%emt 0:00:05]} Qc7 {[%emt 0:00:33]} 13. f4 {[%emt 0:00:04]} Rfd8 {[%emt 0:01:31]} 14. Qf3 {[%emt 0:00:12]} Bb4 {[%emt 0:00:23]} 15. Ne2 {[%emt 0:00:42]} Bf8 {[%emt 0:00:45]} 16. g4 {[%emt 0:00:40]} g6 {[%emt 0:00:47]} 17. Ng3 {[%emt 0:00:20]} Bg7 {[%emt 0:00:43]} 18. g5 {[%emt 0:00:14]} Ne8 {[%emt 0:00:20]} 19. c5 {[%emt 0:00:10]} f5 {[%emt 0:02:36]} 20. Ne2 {[%emt 0:00:47]} Nf8 {[%emt 0:02:12]} 21. Nc3 {[%emt 0:00:41]} Bxe5 {[%emt 0:01:06]} 22. dxe5 {[%emt 0:00:13]} Rxd1 {[%emt 0:00:17]} 23. Rxd1 {[%emt 0:00:03]} Rd8 {[%emt 0:00:04]} 24. Kf2 {[%emt 0:00:29]} Qe7 {[%emt 0:00:39]} 25. b4 {[%emt 0:00:49]} Nc7 {[%emt 0:00:40]} 26. Rd6 {[%emt 0:00:03]} Nd5 {[%emt 0:00:11]} 27. Nxd5 {[%emt 0:00:11]} exd5 {[%emt 0:00:05]} 28. b5 {[%emt 0:00:24]} Ne6 {[%emt 0:01:49]} 29. Qd1 {[%emt 0:00:04]} d4 {[%emt 0:01:16]} 30. Bxd4 {[%emt 0:00:09]} Nxf4 {[%emt 0:00:14]} 31. Qb3+ {[%emt 0:00:03]} Kf8 {[%emt 0:01:07]} 32. Rf6+ {[%emt 0:00:05]} Kg7 {[%emt 0:00:10]} 33. Rf7+ {[%emt 0:01:23]} Qxf7 {[%emt 0:00:12]} 34. e6+ {[%emt 0:00:01]} Rxd4 {[%emt 0:00:08]} 35. exf7 {[%emt 0:00:03]} Rd2+ {[%emt 0:00:40]} 36. Ke1 {[%emt 0:00:07]} Rd5 {[%emt 0:00:13]} 37. bxc6 {[%emt 0:00:17]} bxc6 {[%emt 0:00:08]} 38. f8=Q+ {[%emt 0:00:08]} Kxf8 {[%emt 0:00:01]} 39. Qb8+ {[%emt 0:00:01]} 1-0

[Event "Kupreichik Memorial Rapid 2019"]
[Site "Minsk"]
[Date "2019.08.16"]
[Round "7.15"]
[White "Naumovich, Yaroslav"]
[Black "Kochetkov, Vitali"]
[Result "1/2-1/2"]
[WhiteElo "1868"]
[BlackElo "2266"]
[Annotator "NA"]
[PlyCount "108"]
[EventDate "2019.08.15"]
[EventType "swiss"]
[EventCountry "BLR"]
[SourceTitle "playchess.com"]
[Source "ChessBase"]
[SourceQuality "1"]
[TimeControl "900+10"]

1. Nf3 {[%emt 0:00:00]} d5 {[%emt 0:00:00]} 2. d4 {[%emt 0:00:00]} Nf6 {[%emt 0:00:00]} 3. c4 {[%emt 0:00:00]} c6 {[%emt 0:00:05]} 4. Nc3 {[%emt 0:00:00]} a6 {[%emt 0:00:03]} 5. a4 {[%emt 0:00:00]} g6 {[%emt 0:00:26]} 6. g3 {[%emt 0:00:00]} Bg7 {[%emt 0:00:01]} 7. Bg2 {[%emt 0:00:01]} O-O {[%emt 0:00:08]} 8. O-O {[%emt 0:00:01]} Ne4 {[%emt 0:00:44]} 9. cxd5 {[%emt 0:01:04]} Nxc3 {[%emt 0:00:29]} 10. bxc3 {[%emt 0:00:01]} cxd5 {[%emt 0:00:02]} 11. Bf4 {[%emt 0:00:13]} Nc6 {[%emt 0:00:20]} 12. Ne5 {[%emt 0:01:38]} Na5 {[%emt 0:00:09]} 13. e4 {[%emt 0:00:31]} Be6 {[%emt 0:00:40]} 14. Rb1 {[%emt 0:01:04]} Rc8 {[%emt 0:00:24]} 15. Qc2 {[%emt 0:01:09]} dxe4 {[%emt 0:01:50]} 16. Bxe4 {[%emt 0:00:16]} Bd5 {[%emt 0:00:05]} 17. Rfc1 {[%emt 0:01:19]} e6 {[%emt 0:01:55]} 18. Qe2 {[%emt 0:01:38]} Bxe4 {[%emt 0:00:46]} 19. Qxe4 {[%emt 0:00:03]} Qd5 {[%emt 0:00:01]} 20. Qxd5 {[%emt 0:00:39]} exd5 {[%emt 0:00:01]} 21. Nd3 {[%emt 0:00:07]} Rfe8 {[%emt 0:00:55]} 22. Nc5 {[%emt 0:02:01]} Re7 {[%emt 0:00:11]} 23. Kf1 {[%emt 0:00:51]} h6 {[%emt 0:00:49]} 24. Re1 {[%emt 0:03:21]} Rxe1+ {[%emt 0:00:29]} 25. Kxe1 {[%emt 0:00:01]} g5 {[%emt 0:00:09]} 26. Bd6 {[%emt 0:02:55]} Rc6 {[%emt 0:00:33]} 27. Bb8 {[%emt 0:00:23]} Bf8 {[%emt 0:00:39]} 28. Nxb7 {[%emt 0:00:09]} Nxb7 {[%emt 0:00:49]} 29. Rxb7 {[%emt 0:00:00]} Rxc3 {[%emt 0:00:03]} 30. Rd7 {[%emt 0:00:16]} Ra3 {[%emt 0:00:53]} 31. Rxd5 {[%emt 0:00:05]} Rxa4 {[%emt 0:00:04]} 32. Rd8 {[%emt 0:00:06]} Kg7 {[%emt 0:00:47]} 33. Be5+ {[%emt 0:00:21]} f6 {[%emt 0:00:03]} 34. Bxf6+ {[%emt 0:00:02]} Kxf6 {[%emt 0:00:02]} 35. Rxf8+ {[%emt 0:00:01]} Kg6 {[%emt 0:00:26]} 36. d5 {[%emt 0:00:10]} Re4+ {[%emt 0:00:07]} 37. Kf1 {[%emt 0:00:05]} Rd4 {[%emt 0:00:03]} 38. Ra8 {[%emt 0:00:11]} Rxd5 {[%emt 0:00:20]} 39. Rxa6+ {[%emt 0:00:02]} Kg7 {[%emt 0:00:09]} 40. Kg2 {[%emt 0:00:09]} Rf5 {[%emt 0:00:11]} 41. f3 {[%emt 0:00:34]} Rb5 {[%emt 0:00:11]} 42. h4 {[%emt 0:00:13]} gxh4 {[%emt 0:00:26]} 43. gxh4 {[%emt 0:00:01]} Rb4 {[%emt 0:00:10]} 44. Kg3 {[%emt 0:00:05]} Rc4 {[%emt 0:00:01]} 45. h5 {[%emt 0:00:07]} Rb4 {[%emt 0:00:45]} 46. f4 {[%emt 0:00:06]} Rb1 {[%emt 0:00:34]} 47. Kg4 {[%emt 0:00:14]} Rh1 {[%emt 0:00:11]} 48. Ra7+ {[%emt 0:00:21]} Kg8 {[%emt 0:00:21]} 49. Re7 {[%emt 0:00:21]} Rh2 {[%emt 0:00:27]} 50. Ra7 {[%emt 0:00:10]} Rh1 {[%emt 0:00:02]} 51. Rb7 {[%emt 0:00:08]} Rg1+ 52. Kf5 Rh1 53. Kf6 Rg1 54. f5 Rg5 1/2-1/2

[Event "Kupreichik Memorial Rapid 2019"]
[Site "Minsk"]
[Date "2019.08.16"]
[Round "7.16"]
[White "Barskij, Vladimir"]
[Black "Khrapko, Marharyta"]
[Result "1-0"]
[WhiteElo "2389"]
[BlackElo "2073"]
[Annotator "NA"]
[PlyCount "105"]
[EventDate "2019.08.15"]
[EventType "swiss"]
[EventCountry "BLR"]
[SourceTitle "playchess.com"]
[Source "ChessBase"]
[SourceQuality "1"]
[TimeControl "900+10"]

1. e4 {[%emt 0:00:00]} c5 {[%emt 0:00:00]} 2. c3 {[%emt 0:00:00]} Nf6 {[%emt 0:00:00]} 3. e5 {[%emt 0:00:00]} Nd5 {[%emt 0:00:00]} 4. Nf3 {[%emt 0:00:00]} e6 {[%emt 0:00:04]} 5. d4 {[%emt 0:00:00]} Nc6 {[%emt 0:00:08]} 6. c4 {[%emt 0:00:31]} Ndb4 {[%emt 0:00:37]} 7. a3 {[%emt 0:03:20]} Qa5 {[%emt 0:00:03]} 8. Bd2 {[%emt 0:00:09]} Nxd4 {[%emt 0:00:10]} 9. Nxd4 {[%emt 0:00:04]} cxd4 {[%emt 0:00:02]} 10. f4 {[%emt 0:00:40]} d3 {[%emt 0:00:32]} 11. axb4 {[%emt 0:01:43]} Qxa1 {[%emt 0:00:02]} 12. Bc3 {[%emt 0:00:14]} d2+ {[%emt 0:01:24]} 13. Kf2 {[%emt 0:00:14]} a5 {[%emt 0:00:11]} 14. bxa5 {[%emt 0:00:08]} Bc5+ {[%emt 0:00:13]} 15. Kg3 {[%emt 0:00:02]} d6 {[%emt 0:00:57]} 16. b4 {[%emt 0:00:28]} Qa2 {[%emt 0:00:46]} 17. bxc5 {[%emt 0:00:02]} dxe5 {[%emt 0:00:07]} 18. fxe5 {[%emt 0:00:13]} Bd7 {[%emt 0:02:08]} 19. Bd3 {[%emt 0:00:22]} Rxa5 {[%emt 0:01:26]} 20. Bxa5 {[%emt 0:01:26]} Qxa5 {[%emt 0:00:02]} 21. Qxd2 {[%emt 0:00:21]} Qxc5 {[%emt 0:00:04]} 22. Re1 {[%emt 0:00:09]} f6 {[%emt 0:00:14]} 23. Qe3 {[%emt 0:00:30]} Qc7 {[%emt 0:00:17]} 24. Nc3 {[%emt 0:00:15]} O-O {[%emt 0:00:27]} 25. Nb5 {[%emt 0:00:23]} Bxb5 {[%emt 0:00:06]} 26. cxb5 {[%emt 0:00:02]} Rd8 {[%emt 0:00:09]} 27. Kf2 {[%emt 0:00:28]} f5 {[%emt 0:01:49]} 28. Rc1 {[%emt 0:01:58]} Qa5 {[%emt 0:00:21]} 29. Bc4 {[%emt 0:01:36]} Kf7 {[%emt 0:00:02]} 30. Kg1 {[%emt 0:00:31]} Qb4 {[%emt 0:00:08]} 31. h3 {[%emt 0:00:34]} Rd2 {[%emt 0:00:12]} 32. Qc3 {[%emt 0:00:51]} Qc5+ {[%emt 0:00:03]} 33. Kh1 {[%emt 0:00:09]} Qf2 {[%emt 0:00:06]} 34. Qf3 {[%emt 0:00:06]} Qxf3 {[%emt 0:00:44]} 35. gxf3 {[%emt 0:00:02]} Kg6 {[%emt 0:01:35]} 36. Bxe6 {[%emt 0:00:33]} Kg5 {[%emt 0:00:01]} 37. Rc4 {[%emt 0:00:30]} f4 {[%emt 0:01:16]} 38. Bc8 {[%emt 0:00:25]} h5 {[%emt 0:01:30]} 39. Rc1 {[%emt 0:01:16]} Re2 {[%emt 0:00:19]} 40. Bxb7 {[%emt 0:00:03]} Kh4 {[%emt 0:00:09]} 41. Rg1 {[%emt 0:00:48]} Rxe5 {[%emt 0:01:16]} 42. Bc6 {[%emt 0:00:01]} Re2 {[%emt 0:00:39]} 43. Rxg7 {[%emt 0:00:09]} Kxh3 {[%emt 0:00:06]} 44. Bd7+ {[%emt 0:00:06]} Kh4 {[%emt 0:00:01]} 45. Rg2 {[%emt 0:00:35]} Re1+ {[%emt 0:00:09]} 46. Rg1 {[%emt 0:00:04]} Re2 {[%emt 0:00:11]} 47. Rb1 {[%emt 0:00:19]} Kg3 {[%emt 0:00:45]} 48. b6 {[%emt 0:00:01]} Rh2+ {[%emt 0:00:12]} 49. Kg1 {[%emt 0:00:01]} Rg2+ {[%emt 0:00:05]} 50. Kf1 {[%emt 0:00:01]} Rh2 {[%emt 0:00:05]} 51. Rb3 {[%emt 0:00:07]} Rh1+ {[%emt 0:01:23]} 52. Ke2 {[%emt 0:00:01]} Rh2+ {[%emt 0:00:10]} 53. Kd1 {[%emt 0:00:06]} 1-0

[Event "Kupreichik Memorial Rapid 2019"]
[Site "Minsk"]
[Date "2019.08.16"]
[Round "7.17"]
[White "Kiryliuk, Ilya"]
[Black "Smirnov, Valerij"]
[Result "0-1"]
[WhiteElo "1948"]
[BlackElo "2261"]
[Annotator "NA"]
[PlyCount "95"]
[EventDate "2019.08.15"]
[EventType "swiss"]
[EventCountry "BLR"]
[SourceTitle "playchess.com"]
[Source "ChessBase"]
[SourceQuality "1"]
[TimeControl "900+10"]

1. e4 {[%emt 0:00:00]} c5 {[%emt 0:00:00]} 2. Nf3 {[%emt 0:00:00]} a6 {[%emt 0:00:00]} 3. c3 {[%emt 0:00:07]} e6 {[%emt 0:00:00]} 4. d4 {[%emt 0:00:01]} d5 {[%emt 0:00:00]} 5. exd5 {[%emt 0:00:04]} exd5 {[%emt 0:00:00]} 6. Nbd2 {[%emt 0:00:13]} Nc6 {[%emt 0:00:05]} 7. Be2 {[%emt 0:00:18]} Nf6 {[%emt 0:00:35]} 8. O-O {[%emt 0:00:06]} cxd4 {[%emt 0:00:02]} 9. Nxd4 {[%emt 0:00:02]} Nxd4 {[%emt 0:00:34]} 10. cxd4 {[%emt 0:00:01]} Be7 {[%emt 0:00:07]} 11. Bf3 {[%emt 0:00:10]} O-O {[%emt 0:00:06]} 12. Re1 {[%emt 0:00:04]} Bf5 {[%emt 0:00:23]} 13. Nb3 {[%emt 0:01:19]} Rc8 {[%emt 0:00:39]} 14. Bg5 {[%emt 0:01:07]} h6 {[%emt 0:00:21]} 15. Bxf6 {[%emt 0:02:05]} Bxf6 {[%emt 0:00:04]} 16. Rc1 {[%emt 0:00:10]} Rc4 {[%emt 0:00:33]} 17. Be2 {[%emt 0:00:32]} Rxc1 {[%emt 0:00:16]} 18. Qxc1 {[%emt 0:00:02]} Qd6 {[%emt 0:00:15]} 19. Qd1 {[%emt 0:01:14]} Qb4 {[%emt 0:00:41]} 20. Bf3 {[%emt 0:02:00]} Rd8 {[%emt 0:00:06]} 21. Re2 {[%emt 0:01:11]} b6 {[%emt 0:00:19]} 22. Qe1 {[%emt 0:01:05]} Qxe1+ 23. Rxe1 {[%emt 0:00:02]} a5 {[%emt 0:00:26]} 24. g4 {[%emt 0:00:29]} Bg6 {[%emt 0:00:13]} 25. a4 {[%emt 0:00:16]} Bd3 {[%emt 0:01:19]} 26. Rc1 {[%emt 0:00:14]} Bc4 {[%emt 0:00:05]} 27. Nd2 {[%emt 0:00:05]} Bg5 {[%emt 0:00:08]} 28. Rc2 {[%emt 0:00:06]} Bxd2 {[%emt 0:01:28]} 29. Rxd2 {[%emt 0:00:01]} Bb3 {[%emt 0:00:01]} 30. Bd1 {[%emt 0:00:11]} Bxd1 {[%emt 0:00:19]} 31. Rxd1 {[%emt 0:00:02]} Rc8 {[%emt 0:00:02]} 32. Rd3 {[%emt 0:00:10]} Rc4 {[%emt 0:00:10]} 33. b3 {[%emt 0:00:01]} Rc2 {[%emt 0:00:08]} 34. Kg2 {[%emt 0:00:04]} g5 {[%emt 0:00:22]} 35. Kg3 {[%emt 0:00:03]} Kg7 {[%emt 0:00:03]} 36. f3 {[%emt 0:00:07]} Kg6 {[%emt 0:02:38]} 37. h4 {[%emt 0:03:02]} gxh4+ {[%emt 0:01:15]} 38. Kxh4 {[%emt 0:00:01]} Rc1 {[%emt 0:00:05]} 39. Kg3 {[%emt 0:00:18]} Kg5 {[%emt 0:01:46]} 40. Re3 {[%emt 0:01:57]} Rg1+ {[%emt 0:00:37]} 41. Kf2 {[%emt 0:00:01]} Rb1 {[%emt 0:00:02]} 42. Kg3 {[%emt 0:00:08]} f6 {[%emt 0:00:13]} 43. Rd3 {[%emt 0:00:44]} f5 {[%emt 0:00:39]} 44. gxf5 {[%emt 0:00:10]} Kxf5 {[%emt 0:00:01]} 45. Rc3 {[%emt 0:00:19]} h5 {[%emt 0:00:56]} 46. Re3 {[%emt 0:00:11]} h4+ {[%emt 0:00:05]} 47. Kxh4 {[%emt 0:00:12]} Kf4 {[%emt 0:00:05]} 48. Kh3 {Ke5 Rd3+} 0-1